The Agartala doctrine : (Record no. 139440)

MARC details
000 -LEADER
fixed length control field 00645nam a22001937a 4500
005 - DATE AND TIME OF LATEST TRANSACTION
control field 20170502165206.0
010 ## - LCCN (DPL NO)
LC control number ENG-118002
020 ## - INTERNATIONAL STANDARD BOOK NUMBER
International Standard Book Number 9780199463800
Terms of availability 895.00
020 ## - INTERNATIONAL STANDARD BOOK NUMBER
International Standard Book Number 0199463808
Terms of availability 895.00
035 ## - SYSTEM CONTROL NUMBER
System control number EN-101534
082 04 - DEWEY DECIMAL CLASSIFICATION NUMBER
Classification number 327.54
Edition number 23
245 04 - TITLE STATEMENT
Title The Agartala doctrine :
Remainder of title a proactive Northeast in Indian foreign policy /
Statement of responsibility, etc edited by Subir Bhaumik.
250 ## - EDITION STATEMENT
Edition statement First edition.
260 ## - PUBLICATION, DISTRIBUTION, ETC. (IMPRINT)
Place of publication, distribution, etc New Delhi
Name of publisher, distributor, etc Oxford University Press
Date of publication, distribution, etc 2016
300 ## - PHYSICAL DESCRIPTION
Extent xvi, 344 pages ;
Dimensions 23 cm
500 ## - GENERAL NOTE
General note Includes bibliographical references and index.
700 1# - ADDED ENTRY--PERSONAL NAME
Personal name Bhaumik, Subir,
Relator term editor.
942 ## - ADDED ENTRY ELEMENTS (KOHA)
Source of classification or shelving scheme Dewey Decimal Classification
Item type English Books
Classification part 327.54
Call number suffix AGA
Holdings
Withdrawn status Lost status Not for loan Collection code Home library Current library Date acquired Source of acquisition Cost, normal purchase price Full call number Barcode Copy number Cost, replacement price Koha item type
    Not For Loan Non-fiction D.B.Act.Division Bawana 02/05/2017 DBAD/PUB 895.00 327.54 AGA EN-101534 1 895.00 English Books

© Delhi Public Library
Hit Counter
free hit counter